[Event "Helsingor Xtracon op"]
[Site "Helsingor"]
[Date "2018.07.28"]
[Round "9"]
[White "Christensen, Jacob Foged"]
[Black "Frederiksen Kristian, Pade"]
[Result "1-0"]
[WhiteElo "1916"]
[BlackElo "1808"]
[PlyCount "65"]
[EventDate "2018.07.21"]
[EventType "swiss"]
[EventRounds "10"]
[EventCountry "DEN"]
[SourceTitle "CBM 185 Extra"]
[Source "ChessBase"]
[SourceDate "2018.07.29"]
[SourceVersion "1"]
[SourceVersionDate "2018.07.29"]
[SourceQuality "1"]

1. d4 Nf6 2. Nf3 g6 3. Bf4 Bg7 4. e3 d6 5. c4 0-0 6. Nc3 Nc6 7. Be2 Nd7 8. d5 Nce5 9. Qc2 a5 10. h4 Nc5 11. h5 c6 12. hxg6 hxg6 13. Nxe5 dxe5 14. Bh6 Bd7 15. 0-0-0 Qe8 16. g4 cxd5 17. Nxd5 Rc8 18. Rh2 e6 19. Bxg7 Kxg7 20. Rh7+ Kxh7 21. Nf6+ Kg7 22. Nxe8+ Rfxe8 23. Qc3 b5 24. g5 f6 25. gxf6+ Kxf6 26. f4 Kf7 27. Qxe5 Rh8 28. Rg1 Rh2 29. Kd1 bxc4 30. f5 Ba4+ 31. Ke1 Nd3+ 32. Bxd3 cxd3 33. Qxe6+ 1-0

[Event "Helsingor Xtracon op"]
[Site "Helsingor"]
[Date "2018.07.26"]
[Round "7"]
[White "Andersson, Lars"]
[Black "Frederiksen Kristian, Pade"]
[Result "1-0"]
[WhiteElo "2022"]
[BlackElo "1808"]
[PlyCount "65"]
[EventDate "2018.07.21"]
[EventType "swiss"]
[EventRounds "10"]
[EventCountry "DEN"]
[SourceTitle "CBM 185 Extra"]
[Source "ChessBase"]
[SourceDate "2018.07.29"]
[SourceVersion "1"]
[SourceVersionDate "2018.07.29"]
[SourceQuality "1"]

1. d4 Nf6 2. Bf4 g6 3. e3 Bg7 4. Be2 d6 5. Nf3 0-0 6. 0-0 b6 7. c3 Bb7 8. h3 Nbd7 9. Nbd2 Qe8 10. a4 e5 11. dxe5 Nxe5 12. a5 Nh5 13. Bh2 Nxf3+ 14. Nxf3 f5 15. a6 Bc8 16. Ng5 Nf6 17. Bc4+ Kh8 18. Qb3 h6 19. Ne6 Bxe6 20. Bxe6 Ne4 21. Qa2 c6 22. Bc4 Be5 23. Bxe5+ Qxe5 24. Bd3 f4 25. Bxe4 Qxe4 26. exf4 Qxf4 27. Qe6 Qf6 28. Rae1 Kg7 29. Qd7+ Rf7 30. Qxc6 Raf8 31. Qd5 Qh4 32. Qxd6 Rxf2 33. Qe7+ 1-0

[Event "Helsingor Xtracon op"]
[Site "Helsingor"]
[Date "2018.07.24"]
[Round "5"]
[White "Frederiksen Kristian, Pade"]
[Black "Greeuw, Sietske"]
[Result "0-1"]
[WhiteElo "1808"]
[BlackElo "1998"]
[PlyCount "40"]
[EventDate "2018.07.21"]
[EventType "swiss"]
[EventRounds "10"]
[EventCountry "DEN"]
[SourceTitle "CBM 185 Extra"]
[Source "ChessBase"]
[SourceDate "2018.07.29"]
[SourceVersion "1"]
[SourceVersionDate "2018.07.29"]
[SourceQuality "1"]

1. d4 Nf6 2. c4 g6 3. Nc3 d5 4. cxd5 Nxd5 5. e4 Nxc3 6. bxc3 Bg7 7. Bc4 c5 8. Ne2 Nc6 9. Be3 0-0 10. 0-0 Qc7 11. Rc1 Rd8 12. Qe1 a6 13. f3 Bd7 14. Qf2 Qa5 15. Rfd1 e6 16. Rd2 Rac8 17. dxc5 Ne5 18. Bb3 Bb5 19. Rxd8+ Rxd8 20. Qh4 Bxe2 0-1

[Event "Helsingor Xtracon op"]
[Site "Helsingor"]
[Date "2018.07.22"]
[Round "3"]
[White "Frederiksen Kristian, Pade"]
[Black "Colbow, Collin"]
[Result "0-1"]
[WhiteElo "1808"]
[BlackElo "2055"]
[PlyCount "82"]
[EventDate "2018.07.21"]
[EventType "swiss"]
[EventRounds "10"]
[EventCountry "DEN"]
[SourceTitle "CBM 185 Extra"]
[Source "ChessBase"]
[SourceDate "2018.07.29"]
[SourceVersion "1"]
[SourceVersionDate "2018.07.29"]
[SourceQuality "1"]

1. d4 Nf6 2. c4 e6 3. Nf3 Bb4+ 4. Nbd2 b6 5. e3 Bb7 6. Bd3 0-0 7. 0-0 d6 8. a3 Bxd2 9. Bxd2 Ne4 10. Bc1 Nd7 11. Qc2 f5 12. Nd2 Qh4 13. f3 Nxd2 14. Bxd2 Rf6 15. e4 fxe4 16. Be1 exd3 17. Bxh4 dxc2 18. Bxf6 Nxf6 19. Rac1 Re8 20. Rxc2 e5 21. dxe5 Rxe5 22. Kf2 Kf7 23. b4 Nd7 24. Re1 Rxe1 25. Kxe1 Ba6 26. Kd2 c5 27. b5 Bb7 28. Kc3 d5 29. cxd5 Bxd5 30. Rd2 Nf6 31. Re2 Be6 32. a4 Nd5+ 33. Kb2 Ke7 34. Re4 Kd6 35. Rh4 h6 36. g4 c4 37. g5 c3+ 38. Kc1 hxg5 39. Rc4 Bf5 40. h4 gxh4 41. Rxh4 Kc5 0-1

[Event "Helsingor Xtracon op"]
[Site "Helsingor"]
[Date "2018.07.22"]
[Round "2"]
[White "Nielsen, Bjorn1111"]
[Black "Frederiksen Kristian, Pade"]
[Result "0-1"]
[WhiteElo "1261"]
[BlackElo "1808"]
[PlyCount "64"]
[EventDate "2018.07.21"]
[EventType "swiss"]
[EventRounds "10"]
[EventCountry "DEN"]
[SourceTitle "CBM 185 Extra"]
[Source "ChessBase"]
[SourceDate "2018.07.29"]
[SourceVersion "1"]
[SourceVersionDate "2018.07.29"]
[SourceQuality "1"]

1. e4 e6 2. d4 d5 3. Nc3 Bb4 4. Bd2 Bxc3 5. Bxc3 dxe4 6. g3 Nf6 7. Bc4 Nd5 8. Qd2 b6 9. Ne2 Bb7 10. 0-0-0 e3 11. Qd3 Nxc3 12. Nxc3 Bxh1 13. Rxh1 exf2 14. Rf1 0-0 15. Rxf2 Nc6 16. Ne2 Qg5+ 17. Kb1 Rad8 18. c3 Ne7 19. Qc2 c5 20. Bd3 h6 21. Rf4 Nd5 22. Rh4 e5 23. dxe5 Ne3 24. Qd2 c4 25. Rd4 cxd3 26. Rxd3 Qf5 27. a3 Rxd3 28. Nd4 Qe4 29. Ka2 Rxd2 30. Kb3 Qd5+ 31. Ka4 Rxb2 32. e6 Qa5# 0-1

[Event "Helsingor Xtracon op"]
[Site "Helsingor"]
[Date "2017.07.30"]
[Round "10"]
[White "Frederiksen Kristian, Pade"]
[Black "French, Max"]
[Result "0-1"]
[WhiteElo "1783"]
[BlackElo "2001"]
[PlyCount "54"]
[EventDate "2017.07.22"]
[EventType "swiss"]
[EventRounds "10"]
[EventCountry "DEN"]
[SourceTitle "CBM 179 Extra"]
[Source "ChessBase"]
[SourceDate "2017.08.23"]
[SourceVersion "1"]
[SourceVersionDate "2017.08.23"]
[SourceQuality "1"]

1. d4 Nf6 2. c4 e6 3. Nf3 b6 4. a3 Bb7 5. Nc3 d5 6. cxd5 exd5 7. g3 Be7 8. Bg2 0-0 9. 0-0 Nbd7 10. b3 Re8 11. Ne5 Bd6 12. Nd3 c6 13. Qc2 Qe7 14. a4 Nf8 15. Bf4 Ne6 16. Bxd6 Qxd6 17. e3 a5 18. Rfb1 c5 19. dxc5 bxc5 20. Rd1 Rad8 21. Ne1 Qb6 22. Ne2 d4 23. Bxb7 Qxb7 24. exd4 Nxd4 25. Nxd4 cxd4 26. Qc5 Ne4 27. Qxa5 Rd5 0-1

[Event "Helsingor Xtracon op"]
[Site "Helsingor"]
[Date "2016.07.26"]
[Round "5"]
[White "Skou, Niels"]
[Black "Frederiksen Kristian, Pade"]
[Result "1-0"]
[WhiteElo "2011"]
[BlackElo "1832"]
[PlyCount "111"]
[EventDate "2016.07.23"]
[EventType "swiss"]
[EventRounds "10"]
[EventCountry "DEN"]
[SourceTitle "CBM 173 Extra"]
[Source "ChessBase"]
[SourceDate "2016.08.29"]
[SourceVersion "1"]
[SourceVersionDate "2016.08.29"]
[SourceQuality "1"]

1. c4 e5 2. Nc3 Nc6 3. g3 g6 4. Bg2 Bg7 5. Nf3 d6 6. d3 Nge7 7. 0-0 0-0 8. a3 a5 9. Rb1 Be6 10. Ng5 Bd7 11. b4 axb4 12. axb4 h6 13. Nf3 Qc8 14. Re1 f5 15. Nd2 Nd4 16. e3 Ne6 17. Qb3 c6 18. Bb2 Kh7 19. Ne2 d5 20. Rbc1 d4 21. exd4 c5 22. dxe5 Ba4 23. Qc3 cxb4 24. Qxb4 Nc6 25. Bxc6 bxc6 26. d4 c5 27. Qc3 cxd4 28. Nxd4 Nxd4 29. Qxd4 Rd8 30. Qe3 Rb8 31. Ba3 Qe6 32. Bd6 Rbc8 33. Ra1 Bc6 34. Ra6 Rd7 35. Rb1 Rb7 36. Rxb7 Bxb7 37. Ra7 Ba8 38. Re7 Qg8 39. Qa7 Bc6 40. Qb6 Kh8 41. Qd4 Re8 42. Rc7 Rc8 43. Qb6 Rxc7 44. Qxc7 Qa8 45. Qb8+ Qxb8 46. Bxb8 Kg8 47. Bd6 Kf7 48. f4 Ke6 49. Kf2 Bf6 50. Nb3 Bd8 51. Nd4+ Kd7 52. Nxc6 Kxc6 53. Ke3 Ba5 54. Kd4 g5 55. c5 gxf4 56. gxf4 1-0

[Event "Helsingor Xtracon op"]
[Site "Helsingor"]
[Date "2016.07.24"]
[Round "3"]
[White "Madsen, Michael Bohring"]
[Black "Frederiksen Kristian, Pade"]
[Result "0-1"]
[WhiteElo "2089"]
[BlackElo "1832"]
[PlyCount "56"]
[EventDate "2016.07.23"]
[EventType "swiss"]
[EventRounds "10"]
[EventCountry "DEN"]
[SourceTitle "CBM 173 Extra"]
[Source "ChessBase"]
[SourceDate "2016.08.29"]
[SourceVersion "1"]
[SourceVersionDate "2016.08.29"]
[SourceQuality "1"]

1. d4 Nf6 2. c4 d6 3. Nf3 g6 4. Nc3 Bg7 5. e4 0-0 6. Be2 e5 7. Be3 h6 8. h3 Nbd7 9. Qd2 Kh7 10. d5 Nc5 11. Bxc5 dxc5 12. g4 Ne8 13. h4 Bxg4 14. Ng5+ hxg5 15. Bxg4 gxh4 16. Qe3 Bh6 17. Qh3 Bg5 18. Ne2 Nd6 19. Qd3 f5 20. exf5 gxf5 21. Bh3 e4 22. Qb3 Qf6 23. Kd1 Rae8 24. Kc2 f4 25. Be6 f3 26. Ng3 Qd4 27. Rh2 Qd2+ 28. Kb1 Qc1# 0-1

[Event "Politiken Cup 37th"]
[Site "Helsingor"]
[Date "2015.07.30"]
[Round "7"]
[White "Larsen, Ulrik"]
[Black "Frederiksen Kristian, Pade"]
[Result "1-0"]
[WhiteElo "2005"]
[BlackElo "1839"]
[PlyCount "63"]
[EventDate "2015.07.25"]
[EventType "swiss"]
[EventRounds "10"]
[EventCountry "DEN"]
[SourceTitle "CBM 167 Extra"]
[Source "ChessBase"]
[SourceDate "2015.09.14"]
[SourceVersion "1"]
[SourceVersionDate "2015.09.14"]
[SourceQuality "1"]

1. e4 e5 2. Nf3 Nc6 3. Bb5 a6 4. Ba4 d6 5. 0-0 g6 6. c3 Bg7 7. Re1 Nge7 8. h3 0-0 9. d4 b5 10. Bb3 Na5 11. Bc2 c5 12. dxe5 dxe5 13. Nbd2 Bb7 14. Qe2 Qc7 15. Nf1 Nc4 16. N1h2 Kh8 17. Ng4 Ng8 18. a4 f6 19. b3 Nd6 20. Bb2 Rad8 21. Ngh2 Nh6 22. Bc1 Nhf7 23. h4 f5 24. Ng5 Nxg5 25. Bxg5 Rde8 26. h5 Nxe4 27. Bxe4 Bxe4 28. h6 Bf6 29. Bxf6+ Rxf6 30. axb5 axb5 31. Qxb5 Rb6 32. Qxe8# 1-0

[Event "Stuttgart-chA int"]
[Site "Ditzingen"]
[Date "2013.05.10"]
[Round "4"]
[White "Frederiksen Kristian, Pade"]
[Black "Schmidt, Tobias"]
[Result "0-1"]
[WhiteElo "1843"]
[BlackElo "1924"]
[PlyCount "70"]
[EventDate "2013.05.09"]
[EventType "swiss"]
[EventRounds "7"]
[EventCountry "GER"]
[SourceTitle "EXT 2014"]
[Source "ChessBase"]
[SourceDate "2013.11.20"]
[SourceVersion "1"]
[SourceVersionDate "2013.11.20"]
[SourceQuality "1"]

1. d4 d5 2. c4 dxc4 3. Nf3 Nf6 4. e3 e6 5. Bxc4 c5 6. 0-0 a6 7. a4 Nc6 8. Qe2 cxd4 9. Rd1 Be7 10. exd4 0-0 11. Nc3 Nb4 12. Bg5 Qa5 13. Rac1 Rd8 14. Bb3 Nfd5 15. Bd2 Qb6 16. a5 Qd6 17. Ne4 Qb8 18. Ne5 Bd7 19. Ng5 Be8 20. Nh3 Qa7 21. Be3 Rac8 22. Qg4 Qb8 23. Nf4 Nxf4 24. Bxf4 Rxc1 25. Bxc1 Qc7 26. Nc4 Bf6 27. Bf4 Qe7 28. Be5 Bc6 29. Re1 Bd5 30. Re3 Rc8 31. Nb6 Rc1+ 32. Bd1 Bxe5 33. Nxd5 Qh4 34. Ne7+ Kf8 35. Ng6+ hxg6 0-1

[Event "Stuttgart-chA int"]
[Site "Ditzingen"]
[Date "2013.05.09"]
[Round "1"]
[White "Von Zimmermann, Georg"]
[Black "Frederiksen Kristian, Pade"]
[Result "1-0"]
[WhiteElo "2070"]
[BlackElo "1843"]
[PlyCount "49"]
[EventDate "2013.05.09"]
[EventType "swiss"]
[EventRounds "7"]
[EventCountry "GER"]
[SourceTitle "EXT 2014"]
[Source "ChessBase"]
[SourceDate "2013.11.20"]
[SourceVersion "1"]
[SourceVersionDate "2013.11.20"]
[SourceQuality "1"]

1. e4 e6 2. d4 d5 3. Nc3 Bb4 4. e5 c5 5. Bd2 cxd4 6. Nb5 Bf8 7. Nf3 Nc6 8. Nbxd4 Nge7 9. Bd3 Nxd4 10. Nxd4 Nc6 11. Nxc6 bxc6 12. 0-0 Qb6 13. b3 Ba6 14. Bxa6 Qxa6 15. Qg4 Qa3 16. c4 Qb2 17. Rfd1 Qxe5 18. cxd5 Bd6 19. g3 h5 20. Qa4 g5 21. Qxc6+ Ke7 22. Bc3 Rhc8 23. Bxe5 Rxc6 24. dxc6 Bxe5 25. Rac1 1-0